U.S. State Seals: Level 2 - Statistics

General Stats
  • This quiz has been taken 3 times
  • The average score is 36 of 50
Answer Stats
Picture Answer % Correct
Charleston
100%
Harrisburg
100%
Lincoln
100%
Madison
100%
Phoenix
100%
Raleigh
100%
Salt Lake City
100%
Springfield
100%
Tallahassee
100%
Trenton
100%
Albany
67%
Annapolis
67%
Atlanta
67%
Augusta
67%
Austin
67%
Baton Rouge
67%
Bismarck
67%
Boise
67%
Boston
67%
Carson City
67%
Cheyenne
67%
Columbia
67%
Columbus
67%
Concord
67%
Denver
67%
Des Moines
67%
Dover
67%
Frankfort
67%
Hartford
67%
Helena
67%
Honolulu
67%
Indianapolis
67%
Jackson
67%
Jefferson City
67%
Juneau
67%
Little Rock
67%
Montgomery
67%
Montpelier
67%
Nashville
67%
Oklahoma City
67%
Olympia
67%
Pierre
67%
Providence
67%
Richmond
67%
Sacramento
67%
Saint Paul
67%
Salem
67%
Santa Fe
67%
Topeka
67%
Lansing
33%
No matching quizzes found
Score Distribution
Percent of People with Each Score
Percentile by Number Answered
Your Score History
You have not taken this quiz